[Event "FIDE World Senior Team Championship 2020"]
[Site "Olympik hotel, Sokolovska 138, Prague"]
[Date "2020.03.07"]
[Round "2.7.2"]
[White "Maier, Christian"]
[Black "Bartos, Jan"]
[Result "1-0"]
[WhiteElo "2294"]
[BlackElo "2102"]
[PlyCount "79"]
[WhiteTeam "GER1"]
[BlackTeam "CZE5"]
[EventDate "2020.03.06"]

1. e4 e6 2. d4 d5 3. Nc3 Bb4 4. e5 c5 5. dxc5 Ne7 6. Nf3 Nd7 7. Bd3 Nxc5 8. O-O
Bxc3 9. bxc3 Ng6 10. Re1 O-O 11. Rb1 Qc7 12. Rb4 Bd7 13. Rg4 Qa5 14. h4 Nxd3
15. cxd3 Qxc3 16. h5 Ne7 17. Bh6 g6 18. Bxf8 Rxf8 19. d4 Rc8 20. Rf4 Qc2 21.
Qa1 Rc4 22. hxg6 hxg6 23. g4 Nc6 24. a3 Rc3 25. Kg2 Na5 26. Rh1 Nc4 27. Qg1 Qe2
28. Qe1 Qxe1 29. Rxe1 Rxa3 30. Ng5 Be8 31. Rh1 b5 32. Nh7 Bc6 33. Nf6+ Kf8 34.
Rh8+ Ke7 35. Ng8+ Kf8 36. g5 Kg7 37. Rfh4 Kf8 38. Nf6+ Ke7 39. Rc8 Rc3 40. Rhh8
1-0

[Event "FIDE World Senior Team Championship 2020"]
[Site "Olympik hotel, Sokolovska 138, Prague"]
[Date "2020.03.07"]
[Round "2.7.4"]
[White "Polster, Wolfgang, Dr."]
[Black "Chaloupka, Frantisek"]
[Result "1-0"]
[WhiteElo "2201"]
[BlackElo "1990"]
[PlyCount "87"]
[WhiteTeam "GER1"]
[BlackTeam "CZE5"]
[EventDate "2020.03.06"]

1. e4 c5 2. Nc3 d6 3. Bc4 Nc6 4. Nf3 Nf6 5. d4 cxd4 6. Nxd4 e6 7. O-O a6 8.
Nxc6 bxc6 9. Re1 Be7 10. Bb3 O-O 11. Bf4 e5 12. Bg5 Ng4 13. Bxe7 Qxe7 14. Qe2
Be6 15. Rad1 Bxb3 16. axb3 Nf6 17. Qc4 Qc7 18. Re3 Rfd8 19. Red3 Rd7 20. g3 h6
21. Kg2 Ne8 22. Na4 Nf6 23. Rc3 Rc8 24. Qe2 Qb7 25. Rcd3 Rcd8 26. f3 a5 27. Qe3
Rb8 28. Rxd6 Rxd6 29. Rxd6 Ne8 30. Rd3 Nc7 31. Nc5 Qc8 32. Qd2 Nb5 33. c3 Qe8
34. Nd7 Rc8 35. Nb6 Rb8 36. Nc4 Qe6 37. Rd8+ Rxd8 38. Qxd8+ Kh7 39. Nxa5 g5 40.
Qd3 h5 41. Nc4 g4 42. Qd1 Kg6 43. Ne3 Nd6 44. fxg4 1-0

[Event "FIDE World Senior Team Championship 2020"]
[Site "Olympik hotel, Sokolovska 138, Prague"]
[Date "2020.03.07"]
[Round "2.8.1"]
[White "Pilar, Miloslav"]
[Black "Sokolin, Leonid"]
[Result "0-1"]
[WhiteElo "2056"]
[BlackElo "2496"]
[PlyCount "126"]
[WhiteTeam "CZE7"]
[BlackTeam "USA2"]
[EventDate "2020.03.06"]

1. d4 e6 2. Nf3 c5 3. c3 Nf6 4. Bf4 Be7 5. e3 Nc6 6. Nbd2 Nh5 7. Bg3 h6 8. Be2
Nxg3 9. hxg3 d5 10. O-O O-O 11. dxc5 Bxc5 12. e4 dxe4 13. Nxe4 Be7 14. Qxd8
Rxd8 15. Rfd1 Bd7 16. Nd6 Rab8 17. Rd2 e5 18. Rad1 Be6 19. b3 a6 20. Nc4 e4 21.
Rxd8+ Rxd8 22. Rxd8+ Bxd8 23. Nfd2 f5 24. Nd6 b5 25. a4 Bg5 26. axb5 axb5 27.
Bxb5 Bxd2 28. Bxc6 Bxc3 29. Nc4 Bd4 30. Kf1 g5 31. Ke2 Kg7 32. f3 exf3+ 33.
gxf3 Kf6 34. Kf1 Bc5 35. Kg2 Ke7 36. Kf1 Kd8 37. Kg2 Kc7 38. Ba8 Ba7 39. Kf1
Kd7 40. Kg2 Ke7 41. Bc6 h5 42. Kh3 Bb8 43. Bb7 Bc7 44. Ba8 Kf6 45. Bc6 Bf7 46.
Bb7 Bg6 47. Ba8 f4 48. g4 hxg4+ 49. fxg4 Bd3 50. Kg2 Ke6 51. Bf3 Bd8 52. Nb2
Bc2 53. Bd1 Bg6 54. Bf3 Bf6 55. Nd1 Bd4 56. Kf1 Kd6 57. Ke2 Kc5 58. Kd2 Bf7 59.
Nc3 Bxc3+ 60. Kxc3 Bd5 61. b4+ Kd6 62. Bd1 f3 63. Kd3 f2 0-1

[Event "FIDE World Senior Team Championship 2020"]
[Site "Olympik hotel, Sokolovska 138, Prague"]
[Date "2020.03.07"]
[Round "2.8.2"]
[White "Dolgitser, Konstantin"]
[Black "Groh, Jiri"]
[Result "1/2-1/2"]
[WhiteElo "2232"]
[BlackElo "1979"]
[PlyCount "134"]
[WhiteTeam "USA2"]
[BlackTeam "CZE7"]
[EventDate "2020.03.06"]

1. d4 d5 2. Nf3 Nf6 3. c4 e6 4. g3 c5 5. cxd5 exd5 6. Bg2 Nc6 7. Nc3 Be7 8. O-O
O-O 9. Bg5 h6 10. Be3 Ng4 11. Bc1 Be6 12. h3 cxd4 13. Nxd4 Nxd4 14. Qxd4 Bf6
15. Qb4 Bxc3 16. bxc3 Nf6 17. Qxb7 Qc8 18. Qxc8 Rfxc8 19. Bd2 Ne4 20. Rfd1 Rab8
21. Be3 Nxc3 22. Rd2 a6 23. Bd4 Ne4 24. Rd3 Rc2 25. Bf1 Nd2 26. Bg2 Ne4 27. Ra3
Rb4 28. Be3 Rxe2 29. Rxa6 Nxg3 30. Bf3 Rxe3 31. fxe3 Rh4 32. Kg2 Ne4 33. Rh1
Ng5 34. Kg3 Nxf3 35. Kxf3 g5 36. Kg3 Rc4 37. Ra3 h5 38. h4 Rg4+ 39. Kf2 gxh4
40. Rd3 Ra4 41. a3 h3 42. Ra1 Kf8 43. Rd4 Ra6 44. a4 Ke7 45. a5 Kd6 46. Rb4 Kc5
47. Rb8 Kc6 48. Rc1+ Kd7 49. Rb7+ Kd8 50. Rc5 Ra8 51. e4 Rc8 52. Rxc8+ Kxc8 53.
a6 dxe4 54. Rb5 e3+ 55. Kxe3 h2 56. Rxh5 Kb8 57. Kd4 Ka7 58. Rxh2 Kxa6 59. Kc5
Ka5 60. Rb2 Ka4 61. Rb8 Ka3 62. Rb4 Bb3 63. Rf4 Be6 64. Rf2 Kb3 65. Rf3+ Ka4
66. Re3 Bb3 67. Re7 Be6 1/2-1/2

[Event "FIDE World Senior Team Championship 2020"]
[Site "Olympik hotel, Sokolovska 138, Prague"]
[Date "2020.03.07"]
[Round "2.8.4"]
[White "Leverett, Bruce"]
[Black "Novotny, Josef"]
[Result "1/2-1/2"]
[WhiteElo "2264"]
[BlackElo "1984"]
[PlyCount "62"]
[WhiteTeam "USA2"]
[BlackTeam "CZE7"]
[EventDate "2020.03.06"]

1. d4 d5 2. c4 dxc4 3. Nf3 Nf6 4. e3 e6 5. Bxc4 c6 6. O-O Be7 7. Nc3 O-O 8. e4
b5 9. Bd3 b4 10. Na4 Ba6 11. b3 Qa5 12. Bg5 Bxd3 13. Qxd3 h6 14. Bxf6 Bxf6 15.
Rac1 Rd8 16. Rc5 Qc7 17. Rfc1 Bxd4 18. Nxd4 Qd6 19. R5c4 e5 20. Nc5 Qf6 21. Qf3
exd4 22. Qxf6 gxf6 23. Rd1 a5 24. Rcxd4 Rxd4 25. Rxd4 Na6 26. Nxa6 Rxa6 27.
Rd8+ Kg7 28. f3 a4 29. Rb8 axb3 30. axb3 c5 31. Rb5 Ra3 1/2-1/2

[Event "FIDE World Senior Team Championship 2020"]
[Site "Olympik hotel, Sokolovska 138, Prague"]
[Date "2020.03.07"]
[Round "2.9.1"]
[White "Graf, Alexander"]
[Black "Denk, Adolf"]
[Result "1-0"]
[WhiteElo "2575"]
[BlackElo "2224"]
[PlyCount "41"]
[WhiteTeam "GER"]
[BlackTeam "AUT"]
[EventDate "2020.03.06"]

1. Nf3 Nf6 2. c4 c5 3. Nc3 d5 4. cxd5 Nxd5 5. d4 e6 6. e4 Nxc3 7. bxc3 cxd4 8.
cxd4 Bb4+ 9. Bd2 Qa5 10. Rb1 Bxd2+ 11. Qxd2 Qxd2+ 12. Kxd2 O-O 13. Bb5 a6 14.
Bd3 Rd8 15. Rhc1 Nc6 16. Ke3 f5 17. Rb6 g5 18. Nxg5 Nxd4 19. Rc7 h6 20. Nh7 Nc6
21. exf5 1-0

[Event "FIDE World Senior Team Championship 2020"]
[Site "Olympik hotel, Sokolovska 138, Prague"]
[Date "2020.03.07"]
[Round "2.9.2"]
[White "Ernst, Michael"]
[Black "Levin, Felix"]
[Result "0-1"]
[WhiteElo "2155"]
[BlackElo "2480"]
[PlyCount "126"]
[WhiteTeam "AUT"]
[BlackTeam "GER"]
[EventDate "2020.03.06"]

1. d4 d5 2. Bf4 c5 3. e3 cxd4 4. exd4 Nc6 5. c3 f6 6. Nf3 g5 7. Bg3 Bg7 8. Bb5
Bf5 9. h3 e6 10. Na3 Nge7 11. Nc2 Qb6 12. Qe2 a6 13. Bxc6+ Qxc6 14. Nb4 Qb5 15.
Qxb5+ axb5 16. O-O Kd7 17. Rfe1 h5 18. a3 Ng6 19. Nd2 g4 20. h4 Bh6 21. Nb3 b6
22. Nc1 Be4 23. Ncd3 Ne7 24. Nf4 Bxf4 25. Bxf4 Ng6 26. g3 Rhg8 27. Be3 Ne7 28.
Rad1 Rge8 29. Nd3 Bxd3 30. Rxd3 Nc6 31. Bc1 Na5 32. Kg2 Nc4 33. f3 gxf3+ 34.
Rxf3 f5 35. Re2 Nd6 36. Bf4 Ne4 37. Re1 b4 38. axb4 Ra2 39. Bc1 Kc6 40. Kh3 Kb5
41. Rg1 Kc4 42. Re3 Rg8 43. Rf3 Ra1 44. Rff1 Kb3 45. Kh2 Rg4 46. Kh3 Rb1 47.
Kh2 Nd6 48. Re1 Re4 49. Rxe4 Nxe4 50. Kh1 Kc2 51. Bf4 Rxg1+ 52. Kxg1 b5 53. Bc7
Kxb2 54. Bb6 Kxc3 55. Bc5 Nxg3 56. Kf2 Ne4+ 57. Ke3 Kc4 58. Kf4 Kd3 59. Ke5 Nd2
60. Kf4 Nb3 61. Kg5 Ke3 62. Bd6 Nxd4 63. Kxh5 Nf3 0-1

[Event "FIDE World Senior Team Championship 2020"]
[Site "Olympik hotel, Sokolovska 138, Prague"]
[Date "2020.03.07"]
[Round "2.9.3"]
[White "Meister, Jakob"]
[Black "Kranzl, Peter"]
[Result "1/2-1/2"]
[WhiteElo "2427"]
[BlackElo "2153"]
[PlyCount "171"]
[WhiteTeam "GER"]
[BlackTeam "AUT"]
[EventDate "2020.03.06"]

1. e4 c6 2. d4 d5 3. exd5 cxd5 4. c4 Nf6 5. Nc3 g6 6. cxd5 Bg7 7. Bb5+ Nbd7 8.
d6 exd6 9. Qe2+ Qe7 10. Bf4 Kd8 11. Nf3 Nb6 12. O-O a6 13. Bd3 Qxe2 14. Bxe2
Ke7 15. Rfe1 Be6 16. Ng5 Nfd5 17. Nxe6 fxe6 18. Bg5+ Kd7 19. Bf3 Rhe8 20. Nxd5
Nxd5 21. Rad1 Rac8 22. Bxd5 exd5 23. Rxe8 Rxe8 24. Kf1 Rc8 25. Rd2 Rc4 26. Be3
Bf6 27. Ke2 Rc1 28. Kd3 Rg1 29. f3 Ra1 30. a3 Bd8 31. Re2 Rd1+ 32. Kc2 Rh1 33.
h3 Bf6 34. Kd3 Rd1+ 35. Bd2 Rb1 36. Bc3 Rd1+ 37. Ke3 Kc6 38. Rc2 Kd7 39. f4 h5
40. Ke2 Rg1 41. Kf2 Rd1 42. Ke3 Ke6 43. Rd2 Rf1 44. Rf2 Rg1 45. Re2 Kf5 46. Be1
Rf1 47. g3 Bd8 48. Bf2 Bb6 49. Rd2 Rb1 50. Kf3 Rh1 51. g4+ Ke6 52. Kg2 Rb1 53.
Re2+ Kf7 54. Rd2 hxg4 55. hxg4 Bd8 56. Rc2 Ke6 57. Be3 Rd1 58. Kf3 Rh1 59. Re2
Rf1+ 60. Kg2 Rd1 61. Kf3 Rd3 62. Kg2 Bb6 63. Bf2+ Kf7 64. Bh4 Bxd4 65. Re7+ Kg8
66. b4 Rxa3 67. Rxb7 Ra2+ 68. Kf3 Ra3+ 69. Ke2 Re3+ 70. Kd2 Re4 71. Bg5 Be3+
72. Kd3 Bxf4 73. Bxf4 Rxf4 74. g5 Rc4 75. Rb6 Kf7 76. Rxd6 Rxb4 77. Rf6+ Kg7
78. Rd6 Rf4 79. Rxa6 Rf5 80. Ra7+ Kf8 81. Kd4 Rxg5 82. Rd7 Rg1 83. Rxd5 Ke7 84.
Ke3 Rf1 85. Ke2 Rf8 86. Rd3 1/2-1/2

[Event "FIDE World Senior Team Championship 2020"]
[Site "Olympik hotel, Sokolovska 138, Prague"]
[Date "2020.03.07"]
[Round "2.9.4"]
[White "Gattermayer, Robert"]
[Black "Koehler, Gerhard, Dr."]
[Result "1/2-1/2"]
[WhiteElo "1979"]
[BlackElo "2204"]
[PlyCount "145"]
[WhiteTeam "AUT"]
[BlackTeam "GER"]
[EventDate "2020.03.06"]

1. e4 c5 2. Nc3 Nc6 3. d3 g6 4. g3 Bg7 5. Bg2 d6 6. Be3 Nf6 7. h3 Rb8 8. Qd2
Nd4 9. Nce2 Nc6 10. c3 O-O 11. Bh6 e5 12. Nf3 d5 13. Bxg7 Kxg7 14. exd5 Nxd5
15. O-O f6 16. Rad1 Be6 17. c4 Nde7 18. Kh2 Qc7 19. a3 Rbd8 20. Qc2 Rd7 21. Qb1
Qb6 22. b3 Rfd8 23. Nc3 Qa5 24. Na4 Bf5 25. Ne1 h5 26. f3 Be6 27. Nc2 Rxd3 28.
Rxd3 Rxd3 29. Nb4 Rd6 30. Nd3 b6 31. Rd1 Rd4 32. Qc2 Qa6 33. g4 Qc8 34. Nc3 Qh8
35. Kg1 Qh6 36. Qe2 Bf7 37. Ne4 g5 38. Ndf2 Ng6 39. Nd6 Be6 40. Rxd4 Nxd4 41.
Qe4 Kg8 42. Ne8 Nf8 43. Qb7 f5 44. gxh5 Bf7 45. Qe7 Bxe8 46. Qxe8 Ne2+ 47. Kh2
Qd6 48. h6 e4+ 49. Kh1 Qxh6 50. fxe4 g4 51. Qd8 Qc1+ 52. Qd1 Qxd1+ 53. Nxd1
gxh3 54. Bxh3 fxe4 55. Bg2 Ne6 56. Kh2 Ng5 57. Bf1 Nd4 58. b4 Nc2 59. bxc5 bxc5
60. a4 Nf3+ 61. Kg3 Nd2 62. Be2 Kf7 63. Kf4 Ke6 64. Nc3 Nd4 65. Bg4+ Kd6 66.
Nxe4+ Nxe4 67. Kxe4 Kc6 68. Ke5 a5 69. Bh5 Nc2 70. Be8+ Kb6 71. Ke4 Nb4 72. Ke5
Kc7 73. Bb5 1/2-1/2

[Event "FIDE World Senior Team Championship 2020"]
[Site "Olympik hotel, Sokolovska 138, Prague"]
[Date "2020.03.07"]
[Round "2.10.1"]
[White "Petursson, Margeir"]
[Black "Vltavsky, Vladimir"]
[Result "1-0"]
[WhiteElo "2466"]
[BlackElo "2212"]
[PlyCount "45"]
[WhiteTeam "ISL"]
[BlackTeam "CZE4"]
[EventDate "2020.03.06"]

1. d4 Nf6 2. c4 e6 3. Nc3 Bb4 4. Qc2 d5 5. cxd5 exd5 6. Bg5 c6 7. e3 Nbd7 8.
Bd3 h6 9. Bh4 g5 10. Bg3 Nh5 11. Nf3 a5 12. Be5 Nxe5 13. Nxe5 Ng7 14. O-O f5
15. g4 O-O 16. f4 Bd6 17. Ne2 Bxe5 18. fxe5 fxg4 19. Rxf8+ Qxf8 20. Rf1 Qe7 21.
Rf6 Be6 22. Bh7+ Kh8 23. Rxh6 1-0

[Event "FIDE World Senior Team Championship 2020"]
[Site "Olympik hotel, Sokolovska 138, Prague"]
[Date "2020.03.07"]
[Round "2.10.2"]
[White "Marsalek, Zdenek"]
[Black "Thorhallsson, Throstur"]
[Result "0-1"]
[WhiteElo "2177"]
[BlackElo "2424"]
[PlyCount "90"]
[WhiteTeam "CZE4"]
[BlackTeam "ISL"]
[EventDate "2020.03.06"]

1. d4 Nf6 2. Nf3 d5 3. c4 dxc4 4. Nc3 c5 5. Qa4+ Bd7 6. Qxc4 cxd4 7. Nxd4 Nc6
8. e4 Rc8 9. Nxc6 Bxc6 10. Qd3 e5 11. Qxd8+ Rxd8 12. f3 Bc5 13. Bc4 h6 14. Ke2
Ke7 15. Be3 Bxe3 16. Kxe3 Rd4 17. Bb3 Rhd8 18. Rhd1 R8d7 19. Ne2 Rb4 20. Rxd7+
Nxd7 21. Rc1 Nb6 22. Rc2 a5 23. Nc3 a4 24. Bd5 Bxd5 25. Nxd5+ Nxd5+ 26. exd5
Kd6 27. Rd2 f5 28. g3 Rb5 29. g4 fxg4 30. fxg4 Rxd5 31. Rf2 Ke6 32. h3 Rb5 33.
Kd3 Rb4 34. Ke3 Rc4 35. Rf8 Rc2 36. Re8+ Kf6 37. Ra8 b5 38. Ra6+ Kg5 39. Re6
Rxb2 40. Rxe5+ Kf6 41. Rf5+ Ke6 42. Ke4 a3 43. h4 g6 44. Rc5 Kd6 45. Rc3 Rxa2
0-1

[Event "FIDE World Senior Team Championship 2020"]
[Site "Olympik hotel, Sokolovska 138, Prague"]
[Date "2020.03.07"]
[Round "2.10.3"]
[White "Jonsson, Bjorgvin"]
[Black "Zahorbensky, Jaroslav"]
[Result "1-0"]
[WhiteElo "2324"]
[BlackElo "2098"]
[PlyCount "101"]
[WhiteTeam "ISL"]
[BlackTeam "CZE4"]
[EventDate "2020.03.06"]

1. e4 e5 2. Nf3 Nf6 3. Nxe5 d6 4. Nf3 Nxe4 5. d4 Be7 6. Bd3 Nf6 7. O-O Bg4 8.
Re1 O-O 9. Nbd2 Nbd7 10. Nf1 Re8 11. h3 Bh5 12. Ng3 Bg6 13. Nf5 Bxf5 14. Bxf5
Bf8 15. Bg5 h6 16. Bh4 g5 17. Bg3 Bg7 18. Qd2 Nb6 19. b3 Rxe1+ 20. Rxe1 Qf8 21.
h4 g4 22. Nh2 Re8 23. Rxe8 Qxe8 24. Nxg4 Nxg4 25. Bxg4 Qe4 26. Bf3 Qxd4 27.
Qxd4 Bxd4 28. Bxb7 Nd7 29. Kf1 Nc5 30. Bf3 Kg7 31. Bf4 f5 32. Bd5 Bc3 33. Ke2
Na6 34. a3 Bb2 35. Bc4 Nc5 36. a4 Bd4 37. f3 Be5 38. Be3 f4 39. Bf2 Bc3 40. g4
fxg3 41. Bxg3 Bd4 42. Bd3 Kf6 43. Bf4 Kg7 44. Bd2 Bf6 45. h5 Ne6 46. Be3 Nc5
47. Kd2 a5 48. Bf5 Be5 49. Bc8 Bf6 50. Bf2 Be5 51. Be1 1-0

[Event "FIDE World Senior Team Championship 2020"]
[Site "Olympik hotel, Sokolovska 138, Prague"]
[Date "2020.03.07"]
[Round "2.10.4"]
[White "Sykora, Ondrej"]
[Black "Karlsson, Agust S"]
[Result "1-0"]
[WhiteElo "2048"]
[BlackElo "2268"]
[PlyCount "79"]
[WhiteTeam "CZE4"]
[BlackTeam "ISL"]
[EventDate "2020.03.06"]

1. e4 d5 2. exd5 Qxd5 3. Nf3 Bg4 4. Be2 Nc6 5. h3 Bxf3 6. Bxf3 Qe5+ 7. Qe2
Qxe2+ 8. Bxe2 Nd4 9. Bd1 e5 10. Nc3 g6 11. d3 O-O-O 12. Ne2 Ne6 13. O-O Bc5 14.
Be3 Bxe3 15. fxe3 f5 16. Nc3 Ne7 17. Be2 Nd5 18. Nxd5 Rxd5 19. e4 Rc5 20. exf5
Nf4 21. Bd1 gxf5 22. g3 Nxh3+ 23. Kh2 Ng5 24. Rxf5 Ne6 25. b4 Rc6 26. Rxe5 Nd4
27. Bg4+ Kb8 28. c4 Rg6 29. Rae1 a5 30. Re8+ Rxe8 31. Rxe8+ Ka7 32. Re4 Nc6 33.
bxa5 Rd6 34. Bf5 Nd4 35. Bxh7 c5 36. Kg2 Ra6 37. Re7 Nc6 38. Re2 Nd4 39. Rb2
Rxa5 40. Be4 1-0

[Event "FIDE World Senior Team Championship 2020"]
[Site "Olympik hotel, Sokolovska 138, Prague"]
[Date "2020.03.07"]
[Round "2.11.1"]
[White "Priehoda, Vitezslav"]
[Black "Jakel, Wolfgang"]
[Result "1-0"]
[WhiteElo "2337"]
[BlackElo "2260"]
[PlyCount "61"]
[WhiteTeam "CZE2"]
[BlackTeam "GER4"]
[EventDate "2020.03.06"]

1. d4 f5 2. Bg5 g6 3. Nc3 Bg7 4. e3 Nf6 5. h4 h6 6. Bf4 O-O 7. Bc4+ d5 8. Bb3
Be6 9. Nf3 c6 10. Ne5 Kh7 11. Ne2 Nbd7 12. c3 Nxe5 13. Bxe5 Ng4 14. Bxg7 Kxg7
15. Qd2 Bf7 16. f3 Nf6 17. Bc2 Qd6 18. O-O-O e5 19. Rdg1 Rae8 20. h5 Nxh5 21.
g4 fxg4 22. fxg4 Nf6 23. g5 hxg5 24. Rxg5 Ne4 25. Bxe4 dxe4 26. Ng3 Be6 27.
Rxe5 Bxa2 28. Rxe8 Rxe8 29. Qh2 Kf7 30. Qh7+ Kf8 31. Rf1+ 1-0

[Event "FIDE World Senior Team Championship 2020"]
[Site "Olympik hotel, Sokolovska 138, Prague"]
[Date "2020.03.07"]
[Round "2.11.2"]
[White "Sandten, Ulrich"]
[Black "Vokac, Marek"]
[Result "1/2-1/2"]
[WhiteElo "2100"]
[BlackElo "2348"]
[PlyCount "75"]
[WhiteTeam "GER4"]
[BlackTeam "CZE2"]
[EventDate "2020.03.06"]

1. d4 g6 2. Nf3 Bg7 3. e4 d6 4. c3 Nf6 5. Nbd2 O-O 6. Bd3 Nc6 7. O-O e5 8. dxe5
dxe5 9. Nc4 Nh5 10. a4 Nf4 11. Bc2 Qxd1 12. Rxd1 Ne2+ 13. Kf1 Nxc1 14. Raxc1
Bh6 15. Ra1 f6 16. b4 Be6 17. Bb3 Rad8 18. Ncd2 Kf7 19. Bxe6+ Kxe6 20. Nc4
Rxd1+ 21. Rxd1 Rd8 22. Rxd8 Nxd8 23. Ke2 a6 24. Kd3 Nf7 25. Ne1 b5 26. axb5
axb5 27. Na3 Nd6 28. c4 c6 29. Nec2 f5 30. f3 Bc1 31. c5 Ne8 32. Nb1 Nf6 33.
Nc3 h5 34. Ne2 Bh6 35. h3 h4 36. Na1 Nd7 37. Nb3 Nb8 38. Na5 1/2-1/2

[Event "FIDE World Senior Team Championship 2020"]
[Site "Olympik hotel, Sokolovska 138, Prague"]
[Date "2020.03.07"]
[Round "2.11.3"]
[White "Zpevak, Pavel"]
[Black "Zimmermann, Rolf"]
[Result "1-0"]
[WhiteElo "2344"]
[BlackElo "2090"]
[PlyCount "89"]
[WhiteTeam "CZE2"]
[BlackTeam "GER4"]
[EventDate "2020.03.06"]

1. d4 d5 2. c4 e6 3. Nc3 Nf6 4. Bg5 Be7 5. Nf3 c6 6. e3 Nbd7 7. Bd3 dxc4 8.
Bxc4 Nd5 9. Bxe7 Qxe7 10. O-O O-O 11. Rc1 Nxc3 12. Rxc3 b6 13. Bd3 Bb7 14. Be4
Rac8 15. Qc2 Nf6 16. Bxc6 Nd5 17. Bxb7 Qxb7 18. Rxc8 Rxc8 19. Qd2 Qc6 20. Rd1
Qc2 21. Ne1 Qxd2 22. Rxd2 Rc1 23. Kf1 Kf8 24. Ke2 Ke7 25. Rd1 Rc7 26. Kd2 Kd6
27. Nd3 f6 28. Rc1 Rxc1 29. Kxc1 e5 30. e4 Nc7 31. d5 f5 32. f3 Ne8 33. Kd2 Nf6
34. Nf2 g6 35. g4 Kc5 36. Kc3 fxe4 37. Nxe4+ Nxe4+ 38. fxe4 g5 39. a4 a6 40.
Kb3 h6 41. Kc3 Kd6 42. Kc4 Kd7 43. a5 Kc7 44. axb6+ Kxb6 45. b4 1-0

[Event "FIDE World Senior Team Championship 2020"]
[Site "Olympik hotel, Sokolovska 138, Prague"]
[Date "2020.03.07"]
[Round "2.11.4"]
[White "Hoehn, Michael"]
[Black "Polasek, Jaroslav"]
[Result "0-1"]
[WhiteElo "2036"]
[BlackElo "2365"]
[PlyCount "66"]
[WhiteTeam "GER4"]
[BlackTeam "CZE2"]
[EventDate "2020.03.06"]

1. e4 c5 2. Nf3 Nf6 3. e5 Nd5 4. d4 cxd4 5. Nxd4 Nc6 6. Nxc6 bxc6 7. c4 Nc7 8.
Nc3 g6 9. h4 Bg7 10. Qe2 Ne6 11. h5 d6 12. exd6 Qxd6 13. Be3 Nd4 14. Bxd4 Qxd4
15. Rd1 Qb6 16. hxg6 fxg6 17. Ne4 O-O 18. c5 Qxb2 19. Qxb2 Bxb2 20. Bc4+ Kg7
21. f3 Bf5 22. Ng5 h6 23. Ne6+ Bxe6 24. Bxe6 Rfd8 25. Bd7 Bc3+ 26. Ke2 Rab8 27.
Rd3 Rb2+ 28. Ke3 Rxg2 29. Bxc6 Bd2+ 30. Rxd2 Rdxd2 31. Bb5 Rxa2 32. c6 Rgc2 33.
Rd1 a6 0-1

[Event "FIDE World Senior Team Championship 2020"]
[Site "Olympik hotel, Sokolovska 138, Prague"]
[Date "2020.03.07"]
[Round "2.12.1"]
[White "Pekarek, Ales"]
[Black "Jhunjhnuwala, Krishan"]
[Result "1/2-1/2"]
[WhiteElo "2274"]
[BlackElo "2341"]
[PlyCount "83"]
[WhiteTeam "CZE3"]
[BlackTeam "USA3"]
[EventDate "2020.03.06"]

1. Nf3 d5 2. d4 c5 3. e3 Nc6 4. Be2 Nf6 5. O-O e6 6. a3 cxd4 7. exd4 Be7 8. Bd3
O-O 9. Qe2 a6 10. Bg5 b5 11. Nbd2 h6 12. Bh4 Qb6 13. c3 Na5 14. Ne5 Nc4 15.
Ndf3 Re8 16. Rad1 Bb7 17. Bb1 Ne4 18. Bxe7 Rxe7 19. Nxc4 bxc4 20. Ne5 Nf6 21.
f3 Nh7 22. Rf2 Nf8 23. f4 Bc6 24. Re1 Be8 25. Qf3 Rb8 26. Qg3 f5 27. Qh4 Qd8
28. g4 fxg4 29. Qxg4 Reb7 30. Rg2 Qf6 31. Ree2 g6 32. Ref2 Rg7 33. Qh3 h5 34.
Qe3 Rbb7 35. Nf3 Ba4 36. Ng5 a5 37. h3 Rbe7 38. Rf1 Rb7 39. Kh2 Rb6 40. Nf3 Be8
41. Rfg1 Rbb7 42. Ne5 1/2-1/2

[Event "FIDE World Senior Team Championship 2020"]
[Site "Olympik hotel, Sokolovska 138, Prague"]
[Date "2020.03.07"]
[Round "2.12.2"]
[White "Jhunjhnuwala, Ramesh"]
[Black "Pastircak, Milan"]
[Result "1/2-1/2"]
[WhiteElo "2143"]
[BlackElo "2277"]
[PlyCount "34"]
[WhiteTeam "USA3"]
[BlackTeam "CZE3"]
[EventDate "2020.03.06"]

1. e4 g6 2. d4 Bg7 3. Nf3 d6 4. Bc4 Nf6 5. Qe2 O-O 6. O-O Nc6 7. e5 Nh5 8. c3
Bg4 9. exd6 exd6 10. h3 Re8 11. Be3 Bf5 12. Qd2 Nf6 13. Bg5 a6 14. Na3 d5 15.
Bd3 Qd7 16. Bxf6 Bxf6 17. Rfe1 Bxd3 1/2-1/2

[Event "FIDE World Senior Team Championship 2020"]
[Site "Olympik hotel, Sokolovska 138, Prague"]
[Date "2020.03.07"]
[Round "2.12.4"]
[White "Jhunjhnuwala, Suresh"]
[Black "Vrana, Frantisek"]
[Result "0-1"]
[WhiteElo "1864"]
[BlackElo "2231"]
[PlyCount "72"]
[WhiteTeam "USA3"]
[BlackTeam "CZE3"]
[EventDate "2020.03.06"]

1. e4 c5 2. Nf3 Nc6 3. Bb5 g6 4. O-O Bg7 5. c3 e5 6. d3 Nge7 7. Be3 d6 8. h3
O-O 9. Qd2 a6 10. Bxc6 Nxc6 11. d4 b6 12. dxe5 dxe5 13. Qxd8 Rxd8 14. Na3 h6
15. Nc4 Rb8 16. Rfd1 Rxd1+ 17. Rxd1 Be6 18. Rd6 Bxc4 19. Rxc6 Bd3 20. Nd2 Bb5
21. Rc7 f5 22. f3 Rd8 23. f4 exf4 24. Bxf4 g5 25. Rxg7+ Kxg7 26. Be5+ Kf7 27.
Nb3 Rd1+ 28. Kf2 f4 29. g4 a5 30. Bc7 a4 31. Bxb6 axb3 32. axb3 Bd3 33. Bxc5
Bxe4 34. b4 Rd2+ 35. Ke1 Rxb2 36. Bd4 Ke6 0-1

[Event "FIDE World Senior Team Championship 2020"]
[Site "Olympik hotel, Sokolovska 138,"]
[Date "2020.03.07"]
[Round "2.13"]
[White "Matveeva, Svetlana"]
[Black "Richtrova, Eliska"]
[Result "1-0"]
[WhiteElo "2375"]
[BlackElo "2192"]
[PlyCount "89"]
[EventDate "2020.03.06"]
[WhiteTeam "RUS2"]
[BlackTeam "CZEW1"]

1. d4 Nf6 2. c4 d6 3. Nf3 Bg4 4. Nbd2 c6 5. h3 Bf5 6. g4 Bg6 7. Bg2 Nbd7 8. Nh4
e5 9. Nxg6 hxg6 10. d5 c5 11. Nb1 Be7 12. Nc3 Nh7 13. Qc2 a6 14. Bd2 O-O 15. e3
Bh4 16. O-O f5 17. f4 exf4 18. exf4 Qf6 19. Ne2 Rfe8 20. g5 Qe7 21. Nc3 Nhf8
22. a4 b6 23. b3 Rab8 24. Rf3 Qd8 25. Re3 Rxe3 26. Bxe3 Qe7 27. Qd2 Re8 28. Bf2
Bxf2+ 29. Kxf2 Nb8 30. Bf3 Qd7 31. h4 Re7 32. Rh1 a5 33. Be2 Na6 34. Bd3 Nc7
35. Nd1 Qe8 36. Rh3 Qf7 37. Ne3 Rd7 38. Rf3 Ne8 39. Kg3 Kh7 40. h5 gxh5 41.
Nxf5 g6 42. Nh4 Kg7 43. f5 gxf5 44. Bxf5 Rd8 45. Be6 1-0

[Event "FIDE World Senior Team Championship 2020"]
[Site "Olympik hotel, Sokolovska 138,"]
[Date "2020.03.07"]
[Round "2.13"]
[White "Kubikova, Hana"]
[Black "Grabuzova, Tatiana"]
[Result "1-0"]
[WhiteElo "2064"]
[BlackElo "2272"]
[PlyCount "73"]
[EventDate "2020.03.06"]
[WhiteTeam "CZEW1"]
[BlackTeam "RUS2"]

1. e4 c6 2. d4 d5 3. Nc3 dxe4 4. Nxe4 Bf5 5. Ng3 Bg6 6. h4 h6 7. Nf3 Nf6 8. h5
Bh7 9. Bd3 Bxd3 10. Qxd3 e6 11. Bf4 Qa5+ 12. Bd2 Bb4 13. c3 Bd6 14. Ne4 Nxe4
15. Qxe4 Nd7 16. c4 Bb4 17. a3 Bxd2+ 18. Nxd2 c5 19. O-O-O cxd4 20. Qxd4 Nf6
21. Ne4 Nxe4 22. Qd7+ Kf8 23. Qxb7 Re8 24. Qxe4 Rc8 25. Kb1 Ke7 26. Qh4+ f6 27.
Qg3 Qf5+ 28. Ka1 Rhf8 29. Qxg7+ Rf7 30. Rd7+ Kxd7 31. Qxf7+ Kc6 32. Rd1 Rc7 33.
Qe8+ Kb7 34. Rd8 Rxc4 35. Qe7+ Kb6 36. Rb8+ Kc6 37. Rc8+ 1-0